LEADER 01266nam a2200265 i 4500 001 000000107335 003 CaOOAMICUS 005 20071003165831.0 008 071003s1978 it 000 u ita c 040 $aPUG$bita$dPUL$dLDB 100 1 $aFuchs, Joseph,$cS.I.$0(OLS)http://pul/name/23030 245 10$aResponsabilità personale e norma morale :$banalisi e prospettive di ricerca /$cJosef Fuchs ; a cura di Salvatore Privitera. 260 $aBologna :$bEdizioni Dehoniane,$c1978. 300 $a218 p. ;$c22 cm 490 1 $aNuovi saggi teologici ;$v015 500 $aSul front. : Collana intercofessionale per la promozione della ricerca teologica. 650 14$aTeologia morale.$0(OLS)http://pul/subject/1500 700 1 $aPrivitera, Salvatore.$0(OLS)http://pul/name/5949 830 0$aNuovi saggi teologici ;$v015.$0(OLS)http://pul/title/131917 850 $aPUL 852 $aPUL$W1$xSL Religione 1$y3$m38 C 37$j121978$qStampati$B120966$CPULBib$Z2$F120966 $H44864 $82 941 1 $a8 983 0$aCollana Nuovi saggi teologici. 996 $6245$aResponsabilità personale e norma morale :$banalisi e prospettive di ricerca$9(OLS)http://pul/title/135162 996 $6260$aBologna :$bEdizioni Dehoniane$9(OLS)http://pul/publisher/48070 LEADER 01392nam a2200313 a 4500 001 000000133173 003 CaOOAMICUS 005 20130314103912.0 008 130314s2012 it 001 0 ita r 020 $a978-88-97738-22-0 040 $aPUL$bita 082 04$a183 100 1 $aGiombini, Stefania.$0(OLS)http://pul/name/74952 245 13$aLa legge, la colpa, l'errore :$bla tetralogia B (ovvero del giavellotto) di Antifonte Sofista /$cStefania Giombini, Flavia Marcacci. 260 $a[S. l.] :$bAguaplano,$c2012. 300 $a44 p. ;$c21 cm 490 1 $aBibliotec. Studi ;$v05 504 $aInclude riferimenti bibliografici. 650 14$aSofisti (filosofia greca).$0(OLS)http://pul/subject/3376 700 1 $aMarcacci, Flavia,$d1976-$0(OLS)http://pul/name/58835 830 0$aBiblioteca (Aguaplano).$pStudi ;$v05.$0(OLS)http://pul/title/168276 850 $aPUL 852 $aPUL$W1$xSL Filosofia 3$y81$m183 GIOST 1$j153111$qDDC 21$B152607$CPULBib$Z2$F152607 $H121950 $82 941 1 $a9 996 $6020$a978-88-97738-22-0$9(OLS)http://pul/number/152146 996 $6082$a183$9(OLS)http://pul/classification/2485 996 $6245$aLa legge, la colpa, l'errore :$bla tetralogia B (ovvero del giavellotto) di Antifonte Sofista$9(OLS)http://pul/title/168275 996 $6260$a[S. l.] :$bAguaplano$9(OLS)http://pul/publisher/81544